000 00274nam a22001217a 4500
008 180905b xxu||||| |||| 00| 0 eng d
041 _aeng
080 _a341
100 _a14
101 _aSHJ
245 _aThe Practice Of Moral Judgment
_cHerman.B
942 _2udc
_cBK
999 _c47560
_d47560